Normal view MARC view
  • Bharatiya Vichar Sadhana Pune Prakashan

Entry Personal Name

Number of records used in: 2

001 - CONTROL NUMBER

  • control field: 213109

003 - CONTROL NUMBER IDENTIFIER

  • control field: OSt

005 - DATE AND TIME OF LATEST TRANSACTION

  • control field: 20250916095006.0

008 - FIXED-LENGTH DATA ELEMENTS

  • fixed length control field: 250916|| aca||aabn | a|a d

040 ## - CATALOGING SOURCE

  • Original cataloging agency: OSt
  • Transcribing agency: OSt

100 ## - HEADING--PERSONAL NAME

  • Personal name: Bharatiya Vichar Sadhana Pune Prakashan

670 ## - SOURCE DATA FOUND

  • Source citation: Work cat.: (OSt)367649: Bharatiya Vichar Sadhana Pune Prakashan, Mahatma Phule Jeevan Aani Karya, 2018